00571nam a2200217Ia 4500008004100000020002200041050001600063050001400079100002300093245002100116245004500137250001600182260001600198260004300214260000900257300001600266300002000282300001100302500002000313650002000333161112s9999 xx 000 0 und d a978-981-0696-07-8 aMAIN HB 172 b.P56 2013 aPindyck, Robert S. 0aMicroeconomics / 0cRobert S. Pindyck, Daniel L. Rubinfield. a8th Edition aSingapore : bPearson Education South Asia Pte Ltd., c2013 a743 pages : billustrations ; c26 cm. aIncludes index. aMicroeconomics.